Music Quiz

Random Music Quiz

Pop Quiz Stats

Quiz not verified by Sporcle

Challenge
Share
Tweet
Score 0/20 Timer 05:00
0 Plays Today
% Correct
Blank Space
84.1%
Sorry
60.5%
Grenade
47.6%
Photograph
45.9%
Focus
39.5%
Animals
34.9%
Born This Way
32.4%
Drag Me Down
27.9%
Hello
25%
Halo
23.8%
% Correct
PillowTalk
23.3%
Earned It
20.5%
Lay me Down
16.7%
Dollhouse
16.3%
Come and get it
16.3%
Stronger
13.9%
Wrist
10.8%
Adore You
8.3%
I wanna go
8.1%
Blue Jeans
7%

You're not logged in!

Compare scores with friends on all Sporcle quizzes.
Join for Free
OR
Log In

You Might Also Like...

Show Comments

Extras

Top Quizzes Today


Score Distribution

Your Account Isn't Verified!

In order to create a playlist on Sporcle, you need to verify the email address you used during registration. Go to your Sporcle Settings to finish the process.

Report this User

Report this user for behavior that violates our Community Guidelines.

Details: